Zero hour /

It is called zero point energy, and it really exists - a state of energy contained in all matter everywhere, and thus all but unlimited. Nobody has ever found a way to tap into it, however - until one scientist discovers a way. Or at least he thinks he has. The problem is, his machines also cause gr...

Full description

Bibliographic Details
Main Author: Cussler, Clive
Other Authors: Brown, Graham, 1969-
Format: Book
Language:English
Published: New York : G.P. Putnam's Sons, [2013]
Series:Cussler, Clive. Kurt Austin adventures.
Subjects:

MARC

Tag First Indicator Second Indicator Subfields
LEADER 00000cam a22000008i 4500
001 in00003157607
005 20151205083645.0
008 130326s2013 nyu 000 1 eng
010 |a  2013008130 
020 |a 9780399162503 
020 |a 039916250X 
035 |a (OCoLC)ocn818953715 
040 |a DLC  |b eng  |e rda  |c DLC  |d YDXCP  |d BTCTA  |d BDX  |d FN4  |d UPZ  |d OCLCO  |d IUK  |d IK2  |d ZHB  |d IJ5  |d OCLCQ  |d VP@  |d UtOrBLW 
042 |a pcc 
049 |a TXAM 
050 0 0 |a PS3553.U75  |b Z48 2013 
082 0 0 |a 813/.54  |2 23 
100 1 |a Cussler, Clive. 
245 1 0 |a Zero hour /  |c Clive Cussler and Graham Brown. 
246 3 |a 0 hour 
264 1 |a New York :  |b G.P. Putnam's Sons,  |c [2013] 
264 4 |c ©2013 
300 |a 390 pages ;  |c 24 cm. 
336 |a text  |b txt  |2 rdacontent 
337 |a unmediated  |b n  |2 rdamedia 
338 |a volume  |b nc  |2 rdacarrier 
490 1 |a A Kurt Austin adventure ;  |v bk. 11 
520 |a It is called zero point energy, and it really exists - a state of energy contained in all matter everywhere, and thus all but unlimited. Nobody has ever found a way to tap into it, however - until one scientist discovers a way. Or at least he thinks he has. The problem is, his machines also cause great earthquakes, even fissures in tectonic plates. One machine is buried deep underground; the other is submerged in a vast ocean trench. If Kurt Austin and Joe Zavala and the rest of the NUMA team aren't able to find and destroy them, and soon, the world will be on the threshold of a new era of earth tremors and unchecked volcanism. 
650 0 |a Austin, Kurt (Fictitious character)  |v Fiction. 
655 7 |a Suspense fiction.  |2 gsafd 
655 7 |a Adventure fiction.  |2 gsafd 
700 1 |a Brown, Graham,  |d 1969- 
800 1 |a Cussler, Clive.  |t Kurt Austin adventures. 
948 |a cataloged  |b h  |c 2013/6/12  |d c  |e ceaton  |f 10:57:34 am 
994 |a C0  |b TXA 
999 |a MARS 
999 f f |s 5b7623a5-1990-3410-9d8a-5f223fce037b  |i 5d384fb5-798c-3e3a-86bc-134a5d2bf5c4  |t 0 
952 f f |p normal  |a Texas A&M University  |b College Station  |c Sterling C. Evans Library  |d Evans: Library Stacks  |t 0  |e PS3553.U75 Z48 2013  |h Library of Congress classification  |i unmediated -- volume  |m A14841895122 
998 f f |a PS3553.U75 Z48 2013  |t 0  |l Evans: Library Stacks